Elements of machine design (Record no. 23065)

MARC details
000 -LEADER
fixed length control field 00319nam a2200133Ia 4500
082 ## - DEWEY DECIMAL CLASSIFICATION NUMBER
Classification number 621.9
Item number PAN
100 ## - MAIN ENTRY--AUTHOR NAME
Personal name Panda, N C
245 #0 - TITLE STATEMENT
Title Elements of machine design
260 ## - PUBLICATION, DISTRIBUTION, ETC. (IMPRINT)
Place of publication Anand
Name of publisher Charotar Book
650 ## - SUBJECT ADDED ENTRY--TOPICAL TERM
Topical Term Machine design
700 ## - ADDED ENTRY--PERSONAL NAME
Personal name Shah, C S
942 ## - ADDED ENTRY ELEMENTS (KOHA)
Koha item type Books
Holdings
Withdrawn status Lost status Damaged status Not for loan Home library Current library Date acquired Cost, normal purchase price Full call number Accession Number Koha item type
        RRII Library RRII Library 16/12/2021 25.00 621.9 PAN 03771 Books